000 01161cam a2200373 4500
001 57153
003 ARRUPE
005 20150715141305.0
008 811215s1970 scua b 001 0 eng
010 _a 77119332
020 _a0872491714
035 _a(OCoLC)130998
035 _a(OCoLC)ocm00130998
035 _a(CStRLIN)NYCG81-B3345
035 _a(NNC)57153
040 _dNNC
_cDCL
050 0 _aB840
_b.T8 1970
082 _a149/.94
090 _aB840
_b.T8 1970
100 1 _aTurbayne, Colin Murray.
_918118
245 1 4 _aThe myth of metaphor.
_cWith forewords by Morse Peckham and Foster Tait, and an appendix by Rolf Eberle.
250 _aRev. ed.
260 _aColumbia,
_bUniversity of South Carolina Press
_c[1970]
300 _axv, 241 p.
_billus.
_c24 cm.
500 _aIssued with various printing dates.
504 _aIncludes bibliographical references.
600 1 0 _aDescartes, René,
_d1596-1650.
_94894
600 1 0 _aNewton, Isaac,
_d1642-1727.
_918119
650 0 _aSemantics (Philosophy)
_918120
650 0 _aScience
_xMethodology.
_918121
650 0 _aMetaphor.
_911427
942 _2lcc
_cMONOGRAPH
999 _c122920
_d122920